Opticks : (Record no. 67963)
[ view plain ]
| 000 -LEADER | |
|---|---|
| fixed length control field | 00905nam a2200229 a 4500 |
| 001 - CONTROL NUMBER | |
| control field | 67963 |
| 003 - CONTROL NUMBER IDENTIFIER | |
| rucl marc code | BD-RjUL |
| 005 - DATE AND TIME OF LATEST TRANSACTION | |
| control field | 20211209081721.0 |
| 008 - FIXED-LENGTH DATA ELEMENTS--GENERAL INFORMATION | |
| fixed length control field | 170329s1952 nyua 000 0 eng |
| 035 ## - SYSTEM CONTROL NUMBER | |
| System control number | (BD-RjUL)68172 |
| 040 ## - CATALOGING SOURCE | |
| Original cataloging agency | DLC |
| Transcribing agency | DLC |
| Modifying agency | BD-RjUL |
| Language of cataloging | eng |
| 041 ## - LANGUAGE CODE | |
| Language code of text/sound track or separate title | eng |
| 082 00 - DEWEY DECIMAL CLASSIFICATION NUMBER | |
| Classification number | 535 |
| Edition number | 23 |
| Author mark and year | NEO 1952 |
| 100 1# - MAIN ENTRY--PERSONAL NAME | |
| Personal name | Newton, Isaac. |
| 9 (RLIN) | 151693 |
| 245 00 - TITLE STATEMENT | |
| Title | Opticks : |
| Remainder of title | or, A treatise of the reflections, refractions, inflections & colours of light. Based on the 4th ed., London, 1730 / |
| Statement of responsibility, etc. | by Isaac Newton with a foreword by Albert Einstein, an introd. by Sir Edmund Whittaker, a pref. by I. Bernard Cohen, and an analytical table of contents prepared by Duane H. D. Roller. |
| 260 ## - PUBLICATION, DISTRIBUTION, ETC. (IMPRINT) | |
| Place of publication, distribution, etc. | New York : |
| Name of publisher, distributor, etc. | Dover Publications, |
| Date of publication, distribution, etc. | c1952. |
| 300 ## - PHYSICAL DESCRIPTION | |
| Pagination | cxvi, 406 p. : |
| Illustrations | ill. ; |
| Size | 19 cm. |
| 500 ## - GENERAL NOTE | |
| General note | Includes index |
| 650 #0 - SUBJECT ADDED ENTRY--TOPICAL TERM | |
| Topical term or geographic name as entry element | Optics |
| General subdivision | Early works to 1800. |
| 9 (RLIN) | 201450 |
| 942 ## - ADDED ENTRY ELEMENTS (KOHA) | |
| Source of classification or shelving scheme | Dewey Decimal Classification |
| Koha item type | Books |
| Lost status | Source of classification or shelving scheme | Damaged status | Not for loan | Collection code | Permanent Location | Current Location | Shelving location | Date acquired | Source of acquisition | Total Checkouts | Full call number | Date last seen | Copy number | Koha item type |
|---|---|---|---|---|---|---|---|---|---|---|---|---|---|---|
| Dewey Decimal Classification | Not For Loan | Non-fiction | Central Library, University of Rajshahi | Central Library, University of Rajshahi | Reading Room | 16/05/1963 | Asia Foundation | 535 NEO 1952 | 29/03/2017 | C-1 | Books |